Statistics for AS Monaco Squad 2017-2018

Click here to take the quiz!

General Stats

  • This quiz has been taken 65 times
  • The average score is 14 of 31

Answer Stats

NbrPostNationalityPlayer% Correct
9FWColombiaRadamel Falcao
98%
1GKCroatiaDanijel Subasic
95%
25DFPolandKamil Glik
82%
2DFBrazilFabinho
80%
8MFPortugalJoao Moutinho
76%
10FWMontenegroStevan Jovetic
76%
5DFBrazilJemerson
69%
19DFFranceDjibril Sidibé
65%
27MFFranceThomas Lemar
64%
24DFItalyAndrea Raggi
62%
17MFBelgiumYouri Tielemans
56%
16GKSwitzerlandDiego Benaglio
55%
14FWSenegalKeita Balde
55%
6DFBrazilJorge
44%
CoachPortugalLeonardo Jardim
44%
4DFNetherlandsTerence Kongolo
42%
7MFAlgeriaRachid Ghezzal
38%
28MFMaliAdama Traoré
36%
38DFMaliAlmamy Touré
36%
11FWArgentinaGuido Carrillo
35%
20MFBrazilRony Lopes
35%
30GKSenegalSeydou Sy
35%
15FWFranceAdama Diakhaby
31%
26MFBrazilGabriel Boschilia
22%
22FWSpainJordi Mboula
22%
40GKFranceLoïc Badiashile
22%
18DFFranceSoualiho Meïté
16%
34MFGuineaMoussa Sylla
15%
21DFFranceJulien Serrano
13%
35DFFranceKévin N'Doram
13%
23DFFrancePierre-Daniel Nguinda Ndiffon
9%

Score Distribution

Percentile by Number Answered

Percent of People with Each Score

Your Score History

You have not taken this quiz